000 00427nam a22001697a 4500
005 20180621104429.0
008 160601b xxu||||| |||| 00| 0 eng d
020 _a81-259-0439-5
041 _aeng
082 _b6739
_a658
100 _aNarain, Daya
_94394
245 _aManagement Terms & Concepts
260 _aNew Delhi
_bVikas Publishing House (P) Ltd.
_c1997
300 _a268
650 _aManagement
_9241
942 _cBK
999 _c2346
_d2345